Hướng dẫn phòng chống bệnh cúm gia cầm

Giới thiệu đặc điểm, lịch sử, tác nhân gây bệnh và dịch tễ học bệnh cúm gia cầm. Các biểu hiện đặc trưng và cách chẩn đoán, phòng bệnh cúm gia cầm. Các văn bản chỉ đạo và hướng dẫn phòng chống bệnh cúm gia cầm....

Full beskrivning

Sparad:
Bibliografiska uppgifter
Huvudupphovsman: Bùi, Quý Huy
Materialtyp: Bok
Språk:Undetermined
Publicerad: Hà Nội Nông nghiệp 2007
Ämnen:
Taggar: Lägg till en tagg
Inga taggar, Lägg till första taggen!
Thư viện lưu trữ: Trung tâm Học liệu Trường Đại học Cần Thơ
LEADER 00979nam a2200217Ia 4500
001 CTU_128946
008 210402s9999 xx 000 0 und d
020 |c 22000 
082 |a 636.50896925 
082 |b H523 
100 |a Bùi, Quý Huy 
245 0 |a Hướng dẫn phòng chống bệnh cúm gia cầm 
245 0 |c Bùi Quý Huy 
260 |a Hà Nội 
260 |b Nông nghiệp 
260 |c 2007 
520 |a Giới thiệu đặc điểm, lịch sử, tác nhân gây bệnh và dịch tễ học bệnh cúm gia cầm. Các biểu hiện đặc trưng và cách chẩn đoán, phòng bệnh cúm gia cầm. Các văn bản chỉ đạo và hướng dẫn phòng chống bệnh cúm gia cầm. 
650 |a Poultry,Virus diseases,Gia cầm,Virus gây bệnh 
650 |x Diseases,Bệnh 
904 |i Tuyến 
980 |a Trung tâm Học liệu Trường Đại học Cần Thơ